| 000 | 00000nam##2200000za#4500 |
| 001 | 9.566537 |
| 003 | CaOODSP |
| 005 | 20210624180333 |
| 007 | cr ||||||||||| |
| 008 | 150406|1999||||xxc|||||o f|0| 0 eng|d |
| 040 | |aCaOODSP|beng |
| 043 | |an-cn--- |
| 086 | 1 |aTU3-5/99-30E-PDF |
| 110 | 2 |aTransportation Safety Board of Canada. |
| 245 | 10|aMidair collision between Cessna 177RG Cardinal C-GWYY and Mooney M20C C-GASL, Penticton, British Columbia, 20 August 1999 |h[electronic resource] |
| 260 | |aGatineau - Quebec : |bTransportation Safety Board of Canada |c[2001]. |
| 300 | |a41p.|bglossary, illus., references, tables |
| 490 | 1 |aAviation investigation report |vA99P0108 |
| 590 | |a10-10-Supp|b2010-11-09 |
| 775 | 08|tCollision en vol entre le Cessna 177RG Cardinal C-GWYY et le Mooney M20C C-GASL, Penticton (Colombie-Britannique) le 20 août 1999 |w(CaOODSP)9.598008 |
| 830 | #0|aAviation investigation report ;|vA99P0108|w(CaOODSP)9.504825 |
| 856 | 40|ahttp://publications.gc.ca|qPDF|s211 KB|uhttps://publications.gc.ca/collections/collection_2009/bst-tsb/TU3-5-99-30E.pdf|yA99P0108 |